00655 2200241 4500001002100000005001500021035002000036245007900056100001800135250000600153300003500159700001300194260004700207082001300254084001900267020002200286650002000308990001700328990001700345990001700362990001700379990001700396INLIS00000000000029620180926112027 a0010-09180001501 aSejarah Indonesia 10 :bZaman Reformasi /cEko Praptanto; Editor, Fidelara0 aEko Praptanto a- avi, 66 hlm. :bilus. ;c25 cm.0 aFidelara aJakarta :bPT Bina Sumber Daya MIPA,c2010 a959.8037 a959.8037 EKO s a978-979-050-024-2 aZaman Reformasi a01247/P/2018 a01248/P/2018 a01249/P/2018 a01250/P/2018 a01251/P/2018